[Event "Titled Tuesday intern op 28th Dec"]
[Site "Chess.com INT"]
[Date "2021.12.28"]
[Round "9"]
[White "Koridze, Lile"]
[Black "Petrova, Irina"]
[Result "1-0"]
[WhiteElo "2001"]
[BlackElo "2141"]
[PlyCount "131"]
[EventDate "2021.12.28"]
[EventType "swiss (blitz)"]
[EventRounds "11"]
[EventCountry "USA"]
[SourceTitle "CBM 206 Extra"]
[Source "ChessBase"]
[SourceDate "2022.03.31"]
[SourceVersion "1"]
[SourceVersionDate "2022.03.31"]
[SourceQuality "1"]

1. d4 d6 2. Nf3 g6 3. c4 Bg7 4. Nc3 Nc6 5. e4 Bg4 6. d5 Nd4 7. Be2 Nxe2 8. Qxe2 Nf6 9. O-O O-O 10. h3 Bd7 11. Be3 e5 12. dxe6 Bxe6 13. c5 dxc5 14. Bxc5 Re8 15. Rfd1 Qc8 16. Qe3 b6 17. Ba3 c5 18. Nb5 Qa6 19. Nc7 Qb7 20. Nxe8 Rxe8 21. Re1 Bd7 22. e5 Bc6 23. Qf4 Nd5 24. Qg3 Nc7 25. b4 Nb5 26. Bb2 cxb4 27. Ng5 h6 28. Nf3 Nc3 29. Nd4 Bd5 30. a3 Ne4 31. Qe3 bxa3 32. Bxa3 Rxe5 33. Nf3 Re6 34. Nd4 Re5 35. Qd3 Nc5 36. Bxc5 bxc5 37. Nc2 Rxe1+ 38. Rxe1 Bxg2 39. Qg3 Be4 40. Ne3 Bd3 41. Ng4 c4 42. Re8+ Kh7 43. Rb8 Qe4 44. Qe3 Qxe3 45. Nxe3 c3 46. Rc8 f5 47. Nd5 c2 48. Nb4 a5 49. Nxd3 a4 50. Rxc2 a3 51. Ra2 Bf8 52. Ne5 Kg7 53. Nd7 Bb4 54. Nb6 Kf6 55. Nc4 Kg5 56. Nxa3 Kf4 57. Nb5 Kf3 58. Nd4+ Ke4 59. Ra4 Kxd4 60. Rxb4+ Ke5 61. Rb6 g5 62. Rxh6 Kf4 63. Kg2 g4 64. h4 Ke5 65. h5 f4 66. Ra6 1-0

[Event "Titled Tuesday intern op 28th Dec"]
[Site "Chess.com INT"]
[Date "2021.12.28"]
[Round "9"]
[White "Le, Tuan Minh"]
[Black "Deac, Bogdan Daniel"]
[Result "1-0"]
[WhiteElo "2514"]
[BlackElo "2679"]
[PlyCount "85"]
[EventDate "2021.12.28"]
[EventType "swiss (blitz)"]
[EventRounds "11"]
[EventCountry "USA"]
[SourceTitle "CBM 206 Extra"]
[Source "ChessBase"]
[SourceDate "2022.03.31"]
[SourceVersion "1"]
[SourceVersionDate "2022.03.31"]
[SourceQuality "1"]

1. d4 Nf6 2. Nf3 d6 3. Bg5 Nbd7 4. Nbd2 e5 5. e4 h6 6. Bh4 Be7 7. c3 O-O 8. Bd3 Re8 9. O-O Nh5 10. Bg3 Nxg3 11. hxg3 Bf6 12. Nc4 g6 13. Re1 Bg7 14. Qc2 exd4 15. cxd4 Nf6 16. Ne3 Ng4 17. Nd5 c6 18. Nc3 Be6 19. Rad1 Rc8 20. Qd2 h5 21. Bc2 Bh6 22. Qe2 Qb6 23. Bd3 d5 24. e5 Qa5 25. a3 b5 26. Nb1 b4 27. Nbd2 bxa3 28. Ra1 Qb4 29. bxa3 Qa4 30. Rec1 Rc7 31. Rc3 Rb8 32. Rac1 Rb2 33. R1c2 Rcb7 34. Nf1 R2b3 35. Rxc6 Kg7 36. Nh4 Qxd4 37. Bxg6 Nxe5 38. Rc7 Rxc7 39. Rxc7 Rb2 40. Bc2 Bg4 41. Nf3 Bxf3 42. gxf3 Nc4 43. f4 1-0

[Event "Titled Tuesday intern op 28th Dec"]
[Site "Chess.com INT"]
[Date "2021.12.28"]
[Round "9"]
[White "Mammadov, Zaur Fazahir Oglu"]
[Black "Nilsen, Tobias Lang"]
[Result "1-0"]
[WhiteElo "2417"]
[BlackElo "2279"]
[PlyCount "69"]
[EventDate "2021.12.28"]
[EventType "swiss (blitz)"]
[EventRounds "11"]
[EventCountry "USA"]
[SourceTitle "CBM 206 Extra"]
[Source "ChessBase"]
[SourceDate "2022.03.31"]
[SourceVersion "1"]
[SourceVersionDate "2022.03.31"]
[SourceQuality "1"]

1. e4 e6 2. d4 d5 3. e5 c5 4. c3 Qb6 5. Nf3 Nc6 6. Na3 cxd4 7. cxd4 Bxa3 8. bxa3 Nge7 9. Bd3 Nf5 10. Rb1 Qa5+ 11. Bd2 Qxa3 12. Bxf5 exf5 13. Qc2 O-O 14. O-O Qa6 15. Bg5 Be6 16. Qd2 Rac8 17. Rb3 Na5 18. Rd3 Nc4 19. Qf4 Nd6 20. Re3 Ne4 21. Rfe1 Qxa2 22. Bh4 Rc2 23. Ng5 Nxg5 24. Bxg5 Rfc8 25. Bf6 gxf6 26. exf6 Kh8 27. Qh6 Rg8 28. Rh3 Rxg2+ 29. Kh1 Kg8 30. Qxh7+ Kf8 31. Kxg2 Rxf2+ 32. Kh1 Rg2 33. Qh8+ Rg8 34. Qxg8+ Kxg8 35. Rg1+ 1-0

[Event "Titled Tuesday intern op 28th Dec"]
[Site "Chess.com INT"]
[Date "2021.12.28"]
[Round "9"]
[White "Manon Og, Ramon Jr"]
[Black "Altman, Joshua"]
[Result "1-0"]
[WhiteElo "2064"]
[BlackElo "2095"]
[PlyCount "67"]
[EventDate "2021.12.28"]
[EventType "swiss (blitz)"]
[EventRounds "11"]
[EventCountry "USA"]
[SourceTitle "CBM 206 Extra"]
[Source "ChessBase"]
[SourceDate "2022.03.31"]
[SourceVersion "1"]
[SourceVersionDate "2022.03.31"]
[SourceQuality "1"]

1. e4 e6 2. d4 d5 3. Nd2 Nf6 4. e5 Nfd7 5. Ngf3 c5 6. c3 Nc6 7. Bd3 Qb6 8. dxc5 Bxc5 9. Qe2 a5 10. Nb3 a4 11. Nxc5 Nxc5 12. Bc2 Qc7 13. O-O b6 14. Re1 Ba6 15. Qe3 h6 16. h3 Kd8 17. Qf4 Kc8 18. Be3 Nd3 19. Bxd3 Bxd3 20. Rac1 Kb7 21. Qg3 g5 22. Bd4 Be4 23. Nd2 Bf5 24. Qe3 Na5 25. b3 Rhc8 26. c4 dxc4 27. Nxc4 Nxc4 28. Rxc4 Qd8 29. Rb4 Ra6 30. bxa4 Rc2 31. a5 Rxa2 32. Bxb6 Qd2 33. Qxd2 Rxd2 34. Be3+ 1-0

[Event "Titled Tuesday intern op 28th Dec"]
[Site "Chess.com INT"]
[Date "2021.12.28"]
[Round "9"]
[White "Manukian, Artak"]
[Black "Khamdamova, Afruza"]
[Result "0-1"]
[WhiteElo "2196"]
[BlackElo "1771"]
[PlyCount "158"]
[EventDate "2021.12.28"]
[EventType "swiss (blitz)"]
[EventRounds "11"]
[EventCountry "USA"]
[SourceTitle "CBM 206 Extra"]
[Source "ChessBase"]
[SourceDate "2022.03.31"]
[SourceVersion "1"]
[SourceVersionDate "2022.03.31"]
[SourceQuality "1"]

1. e4 e5 2. Nf3 Nf6 3. Nxe5 d6 4. Nf3 Nxe4 5. Nc3 Nxc3 6. dxc3 Nc6 7. Be3 Be7 8. Qd2 Be6 9. O-O-O Qd7 10. Bb5 a6 11. Ba4 b5 12. Bb3 O-O 13. h4 a5 14. Bxe6 Qxe6 15. Kb1 Rfb8 16. Qd5 Qd7 17. Ng5 Nd8 18. Qd3 g6 19. Ne4 b4 20. c4 Nc6 21. h5 Ne5 22. Qe2 Qc6 23. Nd2 Bf6 24. hxg6 fxg6 25. f4 Nd7 26. Qg4 Bg7 27. Qe6+ Kh8 28. Qxg6 Nf8 29. Qe4 Qxe4 30. Nxe4 Re8 31. Nxd6 cxd6 32. Bd4 Bxd4 33. Rxd4 Rad8 34. Rhd1 Ng6 35. g3 Kg7 36. b3 Re3 37. c5 Rxg3 38. cxd6 Rf3 39. Rd5 Rxf4 40. Rxa5 Rf6 41. Rad5 Rd7 42. a4 bxa3 43. c4 Nf4 44. R5d4 Ne2 45. Rg4+ Kf7 46. Rd2 Nc3+ 47. Kc2 a2 48. Rg1 Ne4 49. Re2 Nxd6 50. Kb2 Ra7 51. Ra1 Nf5 52. Rxa2 Rxa2+ 53. Kxa2 h5 54. b4 h4 55. c5 h3 56. b5 Nd4 57. Rh2 Rh6 58. b6 Ke6 59. b7 Nc6 60. Kb3 Kd7 61. Kc4 Kc7 62. Kd5 Kxb7 63. Ke4 Ne7 64. Kf4 Nd5+ 65. Kg5 Rh8 66. Kg4 Ne3+ 67. Kf3 Nf5 68. Kg4 Ne3+ 69. Kf3 Nf1 70. Rh1 h2 71. Kg2 Ne3+ 72. Kf3 Rh3+ 73. Kf2 Kc6 74. Ke2 Kxc5 75. Kf2 Kd4 76. Ke2 Ke4 77. Kf2 Kf4 78. Ke2 Kg3 79. Kxe3 Kg2+ 0-1

[Event "Titled Tuesday intern op 28th Dec"]
[Site "Chess.com INT"]
[Date "2021.12.28"]
[Round "9"]
[White "Matthiesen, Martin"]
[Black "Sanchez, Roberto Daniel"]
[Result "1-0"]
[WhiteElo "2320"]
[BlackElo "1970"]
[PlyCount "65"]
[EventDate "2021.12.28"]
[EventType "swiss (blitz)"]
[EventRounds "11"]
[EventCountry "USA"]
[SourceTitle "CBM 206 Extra"]
[Source "ChessBase"]
[SourceDate "2022.03.31"]
[SourceVersion "1"]
[SourceVersionDate "2022.03.31"]
[SourceQuality "1"]

1. e4 e6 2. d4 d5 3. Nc3 Nf6 4. e5 Ne4 5. Nxe4 dxe4 6. Bc4 a6 7. Ne2 b5 8. Bb3 c5 9. c3 Bb7 10. O-O Be7 11. Ng3 cxd4 12. cxd4 Nc6 13. Be3 O-O 14. Bc2 f5 15. exf6 Bxf6 16. Bxe4 Rb8 17. Bf4 Nxd4 18. Bxb8 Qxb8 19. Bxb7 Qxb7 20. Qg4 Qf7 21. Ne4 e5 22. Rac1 h5 23. Qd1 Rd8 24. b3 Be7 25. Qe1 Qg6 26. f3 Bg5 27. Nxg5 Qxg5 28. Qe4 Rf8 29. Rce1 Rf4 30. Qd5+ Kh8 31. Rxe5 Ne2+ 32. Kh1 Qh4 33. Rxh5+ 1-0

[Event "Titled Tuesday intern op 28th Dec"]
[Site "Chess.com INT"]
[Date "2021.12.28"]
[Round "9"]
[White "Mickiewicz, Piotr"]
[Black "Pranav, V."]
[Result "0-1"]
[WhiteElo "2294"]
[BlackElo "2486"]
[PlyCount "82"]
[EventDate "2021.12.28"]
[EventType "swiss (blitz)"]
[EventRounds "11"]
[EventCountry "USA"]
[SourceTitle "CBM 206 Extra"]
[Source "ChessBase"]
[SourceDate "2022.03.31"]
[SourceVersion "1"]
[SourceVersionDate "2022.03.31"]
[SourceQuality "1"]

1. Nf3 d5 2. c4 d4 3. e3 c5 4. d3 Nc6 5. exd4 cxd4 6. g3 e5 7. Bg2 Nf6 8. O-O Bd6 9. a3 a5 10. Bg5 O-O 11. Nbd2 Be7 12. Re1 h6 13. Bxf6 Bxf6 14. c5 a4 15. Nc4 Re8 16. b4 axb3 17. Qxb3 Na5 18. Nxa5 Rxa5 19. Rec1 Qc7 20. Qb6 Qxb6 21. cxb6 Bf5 22. Nd2 Bxd3 23. Bxb7 Rb8 24. Rc8+ Rxc8 25. Bxc8 Rb5 26. b7 Rb2 27. a4 Be7 28. a5 Bc5 29. a6 Ba7 30. Nf3 f6 31. Rc1 e4 32. Be6+ Kf8 33. Ne1 Bxa6 34. Rc8+ Ke7 35. Rc7+ Kxe6 36. Rc6+ Kd5 37. Rxa6 Rxb7 38. Nc2 d3 39. Ne3+ Bxe3 40. fxe3 Rb1+ 41. Kg2 d2 0-1

[Event "Titled Tuesday intern op 28th Dec"]
[Site "Chess.com INT"]
[Date "2021.12.28"]
[Round "9"]
[White "Moskalenko, Alexander"]
[Black "Gabrielian, Artur"]
[Result "1/2-1/2"]
[WhiteElo "2514"]
[BlackElo "2464"]
[PlyCount "126"]
[EventDate "2021.12.28"]
[EventType "swiss (blitz)"]
[EventRounds "11"]
[EventCountry "USA"]
[SourceTitle "CBM 206 Extra"]
[Source "ChessBase"]
[SourceDate "2022.03.31"]
[SourceVersion "1"]
[SourceVersionDate "2022.03.31"]
[SourceQuality "1"]

1. e4 c5 2. Nf3 d6 3. d4 cxd4 4. Nxd4 Nf6 5. f3 e5 6. Nb3 d5 7. Bg5 Be6 8. Bxf6 gxf6 9. exd5 Qxd5 10. Qxd5 Bxd5 11. Nc3 Be6 12. O-O-O Nc6 13. Bb5 a6 14. Bxc6+ bxc6 15. Ne4 Be7 16. Nd6+ Kf8 17. Nc5 Rg8 18. g3 Kg7 19. Nxe6+ fxe6 20. Nc4 Rgd8 21. c3 Kf7 22. Kc2 h5 23. a4 h4 24. b4 hxg3 25. hxg3 Rh8 26. g4 Rxh1 27. Rxh1 Kg6 28. Kd3 Rd8+ 29. Ke2 Kg7 30. Na5 Rc8 31. Rd1 Rc7 32. Nc4 Kf7 33. g5 fxg5 34. Nxe5+ Ke8 35. Ke3 a5 36. bxa5 Bf6 37. Ke4 Bxe5 38. Kxe5 Ra7 39. Kxe6 Rxa5 40. Rd4 Rc5 41. Rb4 Kf8 42. c4 Kg7 43. Kd6 Rf5 44. Kxc6 Rxf3 45. c5 Rf4 46. Rb7+ Kg6 47. a5 g4 48. Rb8 Ra4 49. Kb5 Ra1 50. Rg8+ Kf5 51. c6 Rb1+ 52. Ka6 Rc1 53. Kb7 Rb1+ 54. Kc8 Ra1 55. Rh8 Kf4 56. Rh5 g3 57. Rh8 Rxa5 58. Rf8+ Ke3 59. Rg8 Kf2 60. c7 Rc5 61. Kb7 Rxc7+ 62. Kxc7 g2 63. Rxg2+ Kxg2 1/2-1/2

[Event "Titled Tuesday intern op 28th Dec"]
[Site "Chess.com INT"]
[Date "2021.12.28"]
[Round "9"]
[White "Nagy, Gabor"]
[Black "Nazaretyan, Tigran"]
[Result "1-0"]
[WhiteElo "2527"]
[BlackElo "2316"]
[PlyCount "55"]
[EventDate "2021.12.28"]
[EventType "swiss (blitz)"]
[EventRounds "11"]
[EventCountry "USA"]
[SourceTitle "CBM 206 Extra"]
[Source "ChessBase"]
[SourceDate "2022.03.31"]
[SourceVersion "1"]
[SourceVersionDate "2022.03.31"]
[SourceQuality "1"]

1. c4 e5 2. Nc3 Nf6 3. Nf3 d6 4. d4 Nbd7 5. g3 c6 6. Bg2 e4 7. Ng5 d5 8. cxd5 cxd5 9. f3 h6 10. Nxf7 Kxf7 11. fxe4 dxe4 12. O-O Kg8 13. Nxe4 Be7 14. Bf4 Nf8 15. Rc1 Be6 16. Be5 Nxe4 17. Bxe4 Bd5 18. Bf5 Nd7 19. e4 Nxe5 20. exd5 Qxd5 21. dxe5 Bc5+ 22. Rxc5 Qxc5+ 23. Kg2 Qc6+ 24. Kh3 g6 25. Bd7 Qc4 26. Rf4 Qxa2 27. Qd6 Re8 28. Qxg6# 1-0

[Event "Titled Tuesday intern op 28th Dec"]
[Site "Chess.com INT"]
[Date "2021.12.28"]
[Round "9"]
[White "Pershina, Elena"]
[Black "Terletsky, Oleg"]
[Result "0-1"]
[WhiteElo "2114"]
[BlackElo "2154"]
[PlyCount "28"]
[EventDate "2021.12.28"]
[EventType "swiss (blitz)"]
[EventRounds "11"]
[EventCountry "USA"]
[SourceTitle "CBM 206 Extra"]
[Source "ChessBase"]
[SourceDate "2022.03.31"]
[SourceVersion "1"]
[SourceVersionDate "2022.03.31"]
[SourceQuality "1"]

1. e4 e5 2. Nf3 Nc6 3. d4 exd4 4. Bc4 Nf6 5. e5 d5 6. Bb5 Ne4 7. Nxd4 Bc5 8. Bxc6+ bxc6 9. O-O Ba6 10. Re1 Nxf2 11. Kxf2 Qh4+ 12. Kg1 Bxd4+ 13. Kh1 Bf2 14. g3 Bxg3 0-1

[Event "Titled Tuesday intern op 28th Dec"]
[Site "Chess.com INT"]
[Date "2021.12.28"]
[Round "9"]
[White "Potapova, Margarita"]
[Black "Dmitrenko, Viktor"]
[Result "0-1"]
[WhiteElo "2257"]
[BlackElo "2395"]
[PlyCount "72"]
[EventDate "2021.12.28"]
[EventType "swiss (blitz)"]
[EventRounds "11"]
[EventCountry "USA"]
[SourceTitle "CBM 206 Extra"]
[Source "ChessBase"]
[SourceDate "2022.03.31"]
[SourceVersion "1"]
[SourceVersionDate "2022.03.31"]
[SourceQuality "1"]

1. d4 Nf6 2. c4 e6 3. Nc3 Bb4 4. Qc2 d5 5. cxd5 Qxd5 6. e3 c5 7. Bd2 Bxc3 8. Bxc3 cxd4 9. Bxd4 Nc6 10. Bc3 e5 11. Nf3 O-O 12. Be2 Bg4 13. h3 Bh5 14. O-O Rac8 15. Rfd1 Qc5 16. Qa4 Nd5 17. Be1 Rcd8 18. Rac1 Qe7 19. Qb3 Nb6 20. g4 Bg6 21. a4 Nc8 22. a5 a6 23. Rxd8 Rxd8 24. Rd1 Nd6 25. Bc3 h5 26. Kg2 Be4 27. Kg1 hxg4 28. hxg4 Nb5 29. Rxd8+ Qxd8 30. Bxe5 Bxf3 31. Bxf3 Nxe5 32. Bd5 Qg5 33. f4 Qxg4+ 34. Kf2 Qh4+ 35. Ke2 Qh5+ 36. Kf2 Nc6 0-1

[Event "Titled Tuesday intern op 28th Dec"]
[Site "Chess.com INT"]
[Date "2021.12.28"]
[Round "9"]
[White "Qashashvili, Alexandre"]
[Black "Rudykh, Stepan"]
[Result "1-0"]
[WhiteElo "2505"]
[BlackElo "2218"]
[PlyCount "33"]
[EventDate "2021.12.28"]
[EventType "swiss (blitz)"]
[EventRounds "11"]
[EventCountry "USA"]
[SourceTitle "CBM 206 Extra"]
[Source "ChessBase"]
[SourceDate "2022.03.31"]
[SourceVersion "1"]
[SourceVersionDate "2022.03.31"]
[SourceQuality "1"]

1. e4 e6 2. Nf3 d5 3. exd5 exd5 4. d4 Nf6 5. Be3 Bd6 6. Bd3 O-O 7. h3 Ne4 8. O-O f5 9. c4 f4 10. cxd5 Ng5 11. Bd2 Nxh3+ 12. gxh3 Bxh3 13. Kh2 Bg4 14. Rh1 c6 15. Nc3 cxd5 16. Nxd5 Nc6 17. Bc3 1-0

[Event "Titled Tuesday intern op 28th Dec"]
[Site "Chess.com INT"]
[Date "2021.12.28"]
[Round "9"]
[White "Rakhmanov, Alexander"]
[Black "Nikologorskiy, Konstantin"]
[Result "0-1"]
[WhiteElo "2640"]
[BlackElo "2413"]
[PlyCount "88"]
[EventDate "2021.12.28"]
[EventType "swiss (blitz)"]
[EventRounds "11"]
[EventCountry "USA"]
[SourceTitle "CBM 206 Extra"]
[Source "ChessBase"]
[SourceDate "2022.03.31"]
[SourceVersion "1"]
[SourceVersionDate "2022.03.31"]
[SourceQuality "1"]

1. d4 d5 2. c4 dxc4 3. Nf3 Nf6 4. e3 e6 5. Bxc4 a6 6. O-O c5 7. dxc5 Qxd1 8. Rxd1 Bxc5 9. Nbd2 b5 10. Be2 Bb7 11. a4 b4 12. Nb3 Nbd7 13. Bd2 Bd6 14. Be1 Ke7 15. Rac1 Bd5 16. Na5 Rhc8 17. Nd4 Nc5 18. b3 Rab8 19. f3 Ba8 20. e4 Bf4 21. Rc4 Be3+ 22. Bf2 Bxf2+ 23. Kxf2 g6 24. Rdc1 e5 25. Rxc5 Rxc5 26. Rxc5 exd4 27. Rc7+ Nd7 28. Bxa6 Kd6 29. Rc1 Nc5 30. Nc4+ Ke7 31. Ne5 Nxa6 32. Ke2 f6 33. Nc6+ Bxc6 34. Rxc6 Ra8 35. Kd3 Nb8 36. Rc7+ Kd6 37. Rxh7 Nc6 38. f4 Ra5 39. Rb7 Rc5 40. Rb6 Rc3+ 41. Kd2 Rxb3 42. e5+ fxe5 43. fxe5+ Kc5 44. e6 Kxb6 0-1

[Event "Titled Tuesday intern op 28th Dec"]
[Site "Chess.com INT"]
[Date "2021.12.28"]
[Round "9"]
[White "Sadykov, Ramil"]
[Black "Popadic, Dragan"]
[Result "1-0"]
[WhiteElo "2345"]
[BlackElo "2143"]
[PlyCount "59"]
[EventDate "2021.12.28"]
[EventType "swiss (blitz)"]
[EventRounds "11"]
[EventCountry "USA"]
[SourceTitle "CBM 206 Extra"]
[Source "ChessBase"]
[SourceDate "2022.03.31"]
[SourceVersion "1"]
[SourceVersionDate "2022.03.31"]
[SourceQuality "1"]

1. e4 c5 2. Nc3 Nc6 3. g3 g6 4. Bg2 Bg7 5. d3 d6 6. Be3 Rb8 7. Qd2 b5 8. Nd1 e6 9. a3 a5 10. Ne2 Bd7 11. d4 cxd4 12. Nxd4 Nge7 13. Nxc6 Bxc6 14. Bh6 O-O 15. h4 f6 16. Bxg7 Kxg7 17. h5 g5 18. h6+ Kh8 19. Ne3 Qc7 20. O-O-O Rbd8 21. Qc3 Qb7 22. Qxa5 Bxe4 23. Bxe4 Qxe4 24. Rhe1 Qc6 25. Kb1 e5 26. f4 Qc5 27. Ng4 Ng8 28. fxe5 fxe5 29. Qd2 Rf2 30. Qxf2 1-0

[Event "Titled Tuesday intern op 28th Dec"]
[Site "Chess.com INT"]
[Date "2021.12.28"]
[Round "9"]
[White "Schrik, Rachid"]
[Black "Pastar, Slaven"]
[Result "0-1"]
[WhiteElo "2211"]
[BlackElo "2337"]
[PlyCount "56"]
[EventDate "2021.12.28"]
[EventType "swiss (blitz)"]
[EventRounds "11"]
[EventCountry "USA"]
[SourceTitle "CBM 206 Extra"]
[Source "ChessBase"]
[SourceDate "2022.03.31"]
[SourceVersion "1"]
[SourceVersionDate "2022.03.31"]
[SourceQuality "1"]

1. d4 b6 2. e4 Bb7 3. Bd3 Nf6 4. Nd2 e6 5. Ne2 d5 6. e5 Ne4 7. O-O Nxd2 8. Bxd2 c5 9. c3 Be7 10. f4 g6 11. Ng3 h5 12. f5 exf5 13. Nxf5 gxf5 14. Bxf5 Bc8 15. Qf3 Be6 16. c4 Nc6 17. cxd5 Nxd4 18. Qh3 Qxd5 19. Bxe6 Qxe6 20. Qd3 O-O-O 21. Qa6+ Kb8 22. a4 Rhg8 23. Bf4 Bg5 24. Bxg5 Rxg5 25. Rf2 Rdg8 26. a5 b5 27. Qxe6 fxe6 28. a6 Rxe5 0-1

[Event "Titled Tuesday intern op 28th Dec"]
[Site "Chess.com INT"]
[Date "2021.12.28"]
[Round "9"]
[White "Srihari, LR."]
[Black "Vovk, Orest"]
[Result "1-0"]
[WhiteElo "2400"]
[BlackElo "2315"]
[PlyCount "47"]
[EventDate "2021.12.28"]
[EventType "swiss (blitz)"]
[EventRounds "11"]
[EventCountry "USA"]
[SourceTitle "CBM 206 Extra"]
[Source "ChessBase"]
[SourceDate "2022.03.31"]
[SourceVersion "1"]
[SourceVersionDate "2022.03.31"]
[SourceQuality "1"]

1. e4 Nc6 2. Nf3 d5 3. exd5 Qxd5 4. Nc3 Qa5 5. d4 Bg4 6. Bb5 O-O-O 7. Bxc6 bxc6 8. h3 Qh5 9. Be3 Bxf3 10. gxf3 e6 11. Qe2 Kb7 12. O-O-O Nf6 13. Rhg1 h6 14. Rg3 g6 15. Bf4 Qa5 16. Be5 Bg7 17. Rd3 Nh5 18. Bxg7 Nxg7 19. Ne4 Qxa2 20. Ra3 Qxa3 21. bxa3 Rxd4 22. Nc5+ Kb6 23. Qe5 Rd5 24. Na4+ 1-0

[Event "Titled Tuesday intern op 28th Dec"]
[Site "Chess.com INT"]
[Date "2021.12.28"]
[Round "9"]
[White "Staudner, Oliver"]
[Black "Jodorcovsky Werjivker, Paulo"]
[Result "1/2-1/2"]
[WhiteElo "2398"]
[BlackElo "2213"]
[PlyCount "104"]
[EventDate "2021.12.28"]
[EventType "swiss (blitz)"]
[EventRounds "11"]
[EventCountry "USA"]
[SourceTitle "CBM 206 Extra"]
[Source "ChessBase"]
[SourceDate "2022.03.31"]
[SourceVersion "1"]
[SourceVersionDate "2022.03.31"]
[SourceQuality "1"]

1. e4 e5 2. Nf3 Nc6 3. Nc3 Nf6 4. d4 exd4 5. Nxd4 Bc5 6. Be3 Bxd4 7. Bxd4 O-O 8. Be2 d6 9. O-O Re8 10. f3 Nxd4 11. Qxd4 Be6 12. Rad1 Nd7 13. Rd2 Nb6 14. b3 f5 15. Bd3 fxe4 16. Bxe4 Rb8 17. Re1 Kh8 18. Rde2 Bg8 19. a4 d5 20. Bd3 Rxe2 21. Rxe2 Qg5 22. h4 Qc1+ 23. Kh2 Nd7 24. Re7 Nf6 25. Rxc7 Re8 26. Ne2 Qd2 27. Nf4 Re4 28. fxe4 Qxf4+ 29. Kg1 Qxc7 30. exd5 Nxd5 31. Qxa7 Nf4 32. Qe3 Nxd3 33. Qxd3 h6 34. c4 Be6 35. Qe3 Bf7 36. Kf2 Qd8 37. g3 Qf6+ 38. Kg2 Bg6 39. Qf3 Qb2+ 40. Kh3 Qc2 41. g4 Be4 42. Qg3 Kh7 43. h5 Qe2 44. Kh4 Qf1 45. Qh3 Qe1+ 46. Qg3 Qh1+ 47. Qh3 Qg1 48. Qg3 Qh1+ 49. Qh3 Qc1 50. Qg3 Qg5+ 51. Kh3 Qc1 52. Kh4 Qh1+ 1/2-1/2

[Event "Titled Tuesday intern op 28th Dec"]
[Site "Chess.com INT"]
[Date "2021.12.28"]
[Round "9"]
[White "Stoyanov, Tsvetan"]
[Black "Le Goff, Ronan"]
[Result "0-1"]
[WhiteElo "2424"]
[BlackElo "2280"]
[PlyCount "98"]
[EventDate "2021.12.28"]
[EventType "swiss (blitz)"]
[EventRounds "11"]
[EventCountry "USA"]
[SourceTitle "CBM 206 Extra"]
[Source "ChessBase"]
[SourceDate "2022.03.31"]
[SourceVersion "1"]
[SourceVersionDate "2022.03.31"]
[SourceQuality "1"]

1. b3 d5 2. Bb2 Nf6 3. Nf3 Bg4 4. e3 Nbd7 5. d4 e6 6. Nbd2 Bd6 7. h3 Bh5 8. Bd3 Qe7 9. c4 c6 10. Qc2 e5 11. dxe5 Nxe5 12. Nxe5 Bxe5 13. O-O Rd8 14. Bxe5 Qxe5 15. Rae1 O-O 16. e4 Qd4 17. cxd5 cxd5 18. e5 Rc8 19. Qb1 Rc3 20. Re3 Ne4 21. Bxe4 Rxe3 22. Bxh7+ Kh8 23. fxe3 Qxd2 24. Qd3 Qxa2 25. Bf5 Be2 26. Qd4 Kg8 27. Rf2 Qa6 28. Qh4 g6 29. e6 Qa1+ 30. Kh2 Qe5+ 31. g3 gxf5 32. Qg5+ Qg7 33. Qxg7+ Kxg7 34. e7 Re8 35. Rxe2 Rxe7 36. Rd2 Rxe3 37. Rxd5 Rxb3 38. Rxf5 b6 39. Rf2 a5 40. h4 a4 41. Kh3 b5 42. Kg4 b4 43. h5 a3 44. Kh4 Rb2 45. Rf5 a2 46. Ra5 b3 47. Kg5 Rb1 48. h6+ Kh7 49. Ra7 Rf1 0-1

[Event "Titled Tuesday intern op 28th Dec"]
[Site "Chess.com INT"]
[Date "2021.12.28"]
[Round "9"]
[White "Taboas Rodriguez, Daniel"]
[Black "Ljukin, Sergei"]
[Result "1-0"]
[WhiteElo "2367"]
[BlackElo "2362"]
[PlyCount "33"]
[EventDate "2021.12.28"]
[EventType "swiss (blitz)"]
[EventRounds "11"]
[EventCountry "USA"]
[SourceTitle "CBM 206 Extra"]
[Source "ChessBase"]
[SourceDate "2022.03.31"]
[SourceVersion "1"]
[SourceVersionDate "2022.03.31"]
[SourceQuality "1"]

1. d4 d5 2. Nf3 Nf6 3. c4 c6 4. cxd5 cxd5 5. Nc3 Nc6 6. Bf4 Bf5 7. e3 e6 8. Qb3 Bb4 9. Bb5 O-O 10. O-O Qe7 11. Rfc1 Rfc8 12. Na4 Na5 13. Qd1 a6 14. Be2 Rxc1 15. Rxc1 Bd6 16. Nb6 Rd8 17. Nc8 1-0

[Event "Titled Tuesday intern op 28th Dec"]
[Site "Chess.com INT"]
[Date "2021.12.28"]
[Round "9"]
[White "Tsydypov, Zhamsaran"]
[Black "Yakubboev, Nodirbek"]
[Result "0-1"]
[WhiteElo "2526"]
[BlackElo "2630"]
[PlyCount "72"]
[EventDate "2021.12.28"]
[EventType "swiss (blitz)"]
[EventRounds "11"]
[EventCountry "USA"]
[SourceTitle "CBM 206 Extra"]
[Source "ChessBase"]
[SourceDate "2022.03.31"]
[SourceVersion "1"]
[SourceVersionDate "2022.03.31"]
[SourceQuality "1"]

1. e4 e5 2. Nf3 Nc6 3. Bc4 Nf6 4. d3 h6 5. c3 d6 6. b4 Be7 7. Nbd2 d5 8. Bb5 O-O 9. O-O a5 10. Bxc6 bxc6 11. Nxe5 Qd6 12. Nef3 dxe4 13. dxe4 axb4 14. e5 Qd3 15. exf6 Bxf6 16. Nb3 Qxd1 17. Rxd1 Bxc3 18. Bd2 Bxa1 19. Rxa1 Be6 20. Nfd4 Bxb3 21. Nxb3 Rfd8 22. Bxb4 Rxa2 23. Re1 Rb2 24. Be7 Re8 25. Nc1 Rb1 26. Kf1 c5 27. f3 f6 28. Kf2 Kf7 29. Nd3 Rxe1 30. Kxe1 Rxe7+ 31. Kd2 Rd7 32. Kc3 Rxd3+ 33. Kxd3 Ke6 34. Kc4 Kd6 35. f4 f5 36. h3 h5 0-1